[Event "Dosquebrad op"]
[Site "Dosquebrad"]
[Date "2013.06.22"]
[Round "7"]
[White "Piedrahita Marin, Guillermo"]
[Black "Zuluaga, Jaime"]
[Result "1-0"]
[WhiteElo "1936"]
[BlackElo "1600"]
[PlyCount "53"]
[EventDate "2013.06.19"]
[EventType "swiss"]
[EventRounds "7"]
[EventCountry "COL"]
[SourceTitle "CBM 155 Extra"]
[Source "ChessBase"]
[SourceDate "2013.08.26"]
[SourceVersion "1"]
[SourceVersionDate "2013.08.26"]
[SourceQuality "1"]

1. e4 e5 2. Nf3 Nf6 3. d4 Nxe4 4. dxe5 d5 5. Bd3 Bg4 6. 0-0 Be7 7. c4 Nc5 8. cxd5 Nxd3 9. Qxd3 Nc6 10. Qe4 Nxe5 11. Qxe5 0-0 12. Nc3 Bxf3 13. gxf3 Bd6 14. Qh5 Re8 15. Bg5 f6 16. Be3 g6 17. Qh6 Re5 18. Qh3 Kg7 19. f4 Rh5 20. Qf3 Qd7 21. Ne4 Rh3 22. Ng3 h5 23. Kg2 Kf7 24. f5 g5 25. Qe4 Re8 26. Qe6+ Qxe6 27. dxe6+ 1-0

[Event "Dosquebrad op"]
[Site "Dosquebrad"]
[Date "2013.06.21"]
[Round "4"]
[White "Cueto, Jose"]
[Black "Piedrahita Marin, Guillermo"]
[Result "1-0"]
[WhiteElo "2123"]
[BlackElo "1936"]
[PlyCount "93"]
[EventDate "2013.06.19"]
[EventType "swiss"]
[EventRounds "7"]
[EventCountry "COL"]
[SourceTitle "CBM 155 Extra"]
[Source "ChessBase"]
[SourceDate "2013.08.26"]
[SourceVersion "1"]
[SourceVersionDate "2013.08.26"]
[SourceQuality "1"]

1. e4 c5 2. Nf3 d6 3. d4 cxd4 4. Nxd4 Nf6 5. Nc3 e6 6. Bg5 Be7 7. Be2 a6 8. Qd2 Qc7 9. 0-0-0 0-0 10. f4 b5 11. a3 Bb7 12. Bd3 Nbd7 13. Rhe1 h6 14. Bxf6 Bxf6 15. Bf1 Nc5 16. g4 g6 17. g5 hxg5 18. fxg5 Be5 19. Nf3 Bxc3 20. Qxc3 Rac8 21. Bd3 a5 22. b4 Nxd3+ 23. Qxd3 d5 24. e5 axb4 25. axb4 d4 26. Nxd4 Rfd8 27. Re2 Qe7 28. Qxb5 Ra8 29. Red2 Rd5 30. Qc4 Rc8 31. Qb3 Qxg5 32. Kb2 Qxe5 33. c4 Rd7 34. Qc3 Bd5 35. c5 Rb7 36. Nb3 Qxc3+ 37. Kxc3 Bxb3 38. Rd8+ Rxd8 39. Rxd8+ Kg7 40. Kxb3 Kf6 41. Kc4 Ke7 42. Rd2 e5 43. c6 Rc7 44. b5 e4 45. Kd5 f5 46. b6 Rc8 47. c7 1-0

[Event "Dosquebrad op"]
[Site "Dosquebrad"]
[Date "2013.06.20"]
[Round "3"]
[White "Piedrahita Marin, Guillermo"]
[Black "Munoz Burbano, Anghie"]
[Result "1-0"]
[WhiteElo "1936"]
[BlackElo "1382"]
[PlyCount "61"]
[EventDate "2013.06.19"]
[EventType "swiss"]
[EventRounds "7"]
[EventCountry "COL"]
[SourceTitle "CBM 155 Extra"]
[Source "ChessBase"]
[SourceDate "2013.08.26"]
[SourceVersion "1"]
[SourceVersionDate "2013.08.26"]
[SourceQuality "1"]

1. e4 e5 2. Nf3 Nc6 3. Bb5 f6 4. 0-0 Bc5 5. c3 d6 6. d4 Bb6 7. d5 a6 8. Ba4 Bd7 9. dxc6 Bxc6 10. Bxc6+ bxc6 11. Nbd2 Nh6 12. Nc4 Bc5 13. b4 Ba7 14. Bxh6 gxh6 15. Nh4 0-0 16. Nf5 Qe8 17. Qg4+ Qg6 18. Ne7+ Kf7 19. Nxg6 hxg6 20. Qd7+ Kg8 21. Qxc7 c5 22. Nxd6 cxb4 23. cxb4 g5 24. Nf5 Rf7 25. Nxh6+ Kg7 26. Qxf7+ Kxh6 27. Qxf6+ Kh5 28. Rad1 Rc8 29. Rd7 Kg4 30. h3+ Kh5 31. Rh7# 1-0